Datum a čas kvízu
21.5
Celkem bodů
Celkový počet nahraných bodů na tomto kvízu bez doplňovacích otázek.
5.
Pořadí na kvízu
Konečné umístění týmu na tomto kvízu.
Zaznamenané odpovědi
| # | Otázka | Odpověď | Body | Výsledky |
|---|---|---|---|---|
| 1. | Minulý týden roztálo sněhové p... | Mapa republiky | 0 | |
| 2. | V pátek byl v italských Benátk... | Mojžíš | 1 | |
| 3. | Minulý týden oslavil osmdesáté... | Ringo Starr | 1 | |
| 4. | V pátek v San Francisku proběh... | Jevgenij Nikulin | 1 | |
| 5. | Za nejlepšího hráče sezony prv... | Ondřej Kolář | 0 | |
| 6. | Různé návykové látky jsou užív... | pelyněk (pravý) | 1 | |
| 7. | Tabákové listy obsahují návyko... | viržinský | 0 | |
| 8. | Vhodné kultivary konopí jsou p... | pazdeří | 0 | |
| 9. | Znáte nebo dokážete odvodit ná... | Heroin | 0 | |
| 10. | Kokain byl poprvé izolován v r... | Medellín | 1 |